000 00954nas a2200325 i 4500
001 2708
003 ES-MaACL
005 20250814062601.0
007 t|
008 980304d19331934sp w| | 0 ||pa d
080 _a(460)
080 _a32
080 _a06
245 0 0 _aF.E. /
_cFalange Española.
246 1 3 _aFE
246 1 3 _aFalange Española
250 _aReproducción facsímil del Semanario de Falange.
260 _aMadrid :
_bEditora Nacional,
_c1943.
300 _a1 v. :
_bil. ;
_c39 cm.
310 _aSemanal
362 0 _aAño I, nº 1 (7 dic. 1933) - año II, nº 15 (19 jul. 1934)
500 _aReproducción facsímil de la edición de: Madrid : Falange Española, 1933-1934.
650 7 _aPolítica
_2embne
_9140345
650 4 _aInstituciones científicas y diversas
_913829
710 2 _aFalange Española.
_94083
852 _aES-MaACL
_jF-15979
866 0 _o1933-1934
942 _2udc
999 _c2708
_d2708